[Event "4NCL/Div4/OXF3 vs. SCS1"]
[Site "Sunningdale ENG"]
[Date "2007.02.10"]
[Round "5.1"]
[White "Morris, Graham"]
[Black "Lutton, E Josiah"]
[Result "0-1"]
[WhiteElo "2035"]
[BlackElo "2086"]
[PlyCount "74"]
[EventDate "2007.02.10"]
[EventType "team"]
[EventRounds "11"]
[EventCountry "ENG"]

1. e4 e6 2. d3 d5 3. Nd2 Nf6 4. Ngf3 c5 5. g3 Nc6 6. Bg2 Be7 7. O-O O-O 8. Re1
b5 9. e5 Nd7 10. Nf1 Qc7 11. Bf4 Bb7 12. h4 Rfc8 13. N1h2 Bf8 14. Ng4 Ne7 15.
h5 h6 16. Rc1 d4 17. Nd2 Bxg2 18. Kxg2 Nd5 19. Qf3 Qc6 20. Ne4 Kh7 21. Nh2 Be7
22. Kg1 f5 23. Nd2 Nxf4 24. gxf4 Qxf3 25. Nhxf3 Nb6 26. Kh2 Nd5 27. Kg3 Rg8 28.
Ng1 g6 29. hxg6+ Rxg6+ 30. Kf3 Nxf4 31. Rcd1 Ng2 32. Rf1 Rag8 33. Nb3 Rg4 34.
Ke2 Nh4 35. Nh3 Ng6 36. Rde1 c4 37. Nc1 Bb4 0-1

[Event "4NCL/Div4/OXF3 vs. SCS1"]
[Site "Sunningdale ENG"]
[Date "2007.02.10"]
[Round "5.2"]
[White "Heard, Andrew H"]
[Black "Terry, Sean"]
[Result "0-1"]
[WhiteElo "1985"]
[BlackElo "2040"]
[PlyCount "32"]
[EventDate "2007.02.10"]
[EventType "team"]
[EventRounds "11"]
[EventCountry "ENG"]

1. c4 Nf6 2. Nf3 Nc6 3. Nc3 e5 4. d3 Be7 5. g3 O-O 6. Bg2 d5 7. cxd5 Nxd5 8.
O-O Be6 9. Nxd5 Bxd5 10. Be3 f5 11. Qc1 Qe8 12. Ng5 Bxg2 13. Kxg2 Bxg5 14. Bxg5
f4 15. gxf4 h6 16. Bh4 exf4 0-1

[Event "4NCL/Div4/OXF3 vs. SCS1"]
[Site "Sunningdale ENG"]
[Date "2007.02.10"]
[Round "5.3"]
[White "Levicki, Jeffrey"]
[Black "Sathyanandha, Saravanan"]
[Result "1-0"]
[WhiteElo "1950"]
[BlackElo "1918"]
[PlyCount "83"]
[EventDate "2007.02.10"]
[EventType "team"]
[EventRounds "11"]
[EventCountry "ENG"]

1. e4 e6 2. d4 d5 3. exd5 exd5 4. c4 c6 5. Nc3 Nf6 6. Nf3 Bg4 7. Qb3 Qe7+ 8.
Ne5 Be6 9. Bg5 Qb4 10. Be2 Ne4 11. Bd2 Nxd2 12. Kxd2 f6 13. Qxb4 Bxb4 14. Nd3
Bxc3+ 15. bxc3 Nd7 16. Nf4 Bf7 17. cxd5 cxd5 18. Rhe1 Nb6 19. Ba6+ Kd7 20. Bxb7
Rab8 21. Ba6 Nc4+ 22. Bxc4 dxc4 23. Rab1 g5 24. Ne2 Bg6 25. Rb4 a5 26. Rxb8
Rxb8 27. Rd1 Rb2+ 28. Ke3 Rxa2 29. g4 a4 30. Rd2 Rxd2 31. Kxd2 a3 32. Kc1 Kc6
33. Ng3 Bd3 34. f3 Kd5 35. Nh5 f5 36. gxf5 Bxf5 37. Nf6+ Kc6 38. Ne4 Kb5 39.
Nd6+ Ka4 40. Nxf5 Kb3 41. Ne3 Kxc3 42. Nc2 1-0

[Event "4NCL/Div4/OXF3 vs. SCS1"]
[Site "Sunningdale ENG"]
[Date "2007.02.10"]
[Round "5.4"]
[White "Sathyanandha, Senthuran"]
[Black "Henbest, Kevin B"]
[Result "1/2-1/2"]
[WhiteElo "1920"]
[BlackElo "1800"]
[PlyCount "66"]
[EventDate "2007.02.10"]
[EventType "team"]
[EventRounds "11"]
[EventCountry "ENG"]

1. d4 Nf6 2. c4 g6 3. Nc3 Bg7 4. e4 d6 5. f4 O-O 6. Nf3 c5 7. d5 e6 8. Bd3 exd5
9. cxd5 Bg4 10. O-O Nbd7 11. Be3 a6 12. a4 Rc8 13. Qe1 c4 14. Bc2 Re8 15. Nd2
Nc5 16. h3 Bd7 17. Qf2 b5 18. axb5 axb5 19. e5 b4 20. Bxc5 Rxc5 21. Nce4 Nxe4
22. Nxe4 Rxd5 23. Nxd6 Re6 24. Be4 Rexd6 25. exd6 Bd4 26. Bxd5 Bxf2+ 27. Rxf2
Qb6 28. Bxc4 Qxd6 29. b3 Qd4 30. Re1 Qd6 31. Kh2 Kg7 32. g3 Kf8 33. Rfe2 Bc6
1/2-1/2

[Event "4NCL/Div4/OXF3 vs. SCS1"]
[Site "Sunningdale ENG"]
[Date "2007.02.10"]
[Round "5.5"]
[White "Cooke, Jennifer"]
[Black "Lutton, J Arnold"]
[Result "0-1"]
[WhiteElo "1820"]
[BlackElo "1901"]
[PlyCount "60"]
[EventDate "2007.02.10"]
[EventType "team"]
[EventRounds "11"]
[EventCountry "ENG"]

1. e4 e6 2. d4 d5 3. exd5 exd5 4. c4 Nf6 5. Nf3 Bg4 6. a3 Nc6 7. Be3 Be7 8.
Nbd2 O-O 9. Be2 Re8 10. O-O Bf8 11. Qb3 Na5 12. Qc2 Rc8 13. c5 Nc6 14. Bd3 h6
15. Bf5 Bxf5 16. Qxf5 Re6 17. Nh4 Ne7 18. Qf3 Ne4 19. Rfe1 Qd7 20. Rad1 Re8 21.
Nf5 Rf6 22. Nxe7+ Rxe7 23. Qh3 Qxh3 24. gxh3 Rfe6 25. Nxe4 Rxe4 26. f3 Rxe3 27.
Rf1 g6 28. Rd2 h5 29. a4 Bh6 30. Rg2 Bf4 0-1

[Event "4NCL/Div4/OXF3 vs. SCS1"]
[Site "Sunningdale ENG"]
[Date "2007.02.10"]
[Round "5.6"]
[White "Scarry, Herbert"]
[Black "Cooke, Larissa"]
[Result "1-0"]
[WhiteElo "1812"]
[BlackElo "1595"]
[PlyCount "99"]
[EventDate "2007.02.10"]
[EventType "team"]
[EventRounds "11"]
[EventCountry "ENG"]

1. c4 e5 2. g3 Nc6 3. Bg2 Bc5 4. Nc3 Nf6 5. a3 O-O 6. e3 Re8 7. Nge2 a6 8. O-O
d6 9. h3 Be6 10. d4 Ba7 11. d5 Bd7 12. dxc6 Bxc6 13. Nd5 h6 14. Nxf6+ Qxf6 15.
Nc3 Rad8 16. Nd5 Bxd5 17. cxd5 Rc8 18. Bd2 Bb6 19. Rc1 Qe7 20. Qa4 Red8 21. Ba5
Bxa5 22. Qxa5 f5 23. Rc4 Kh7 24. Rfc1 Rd7 25. a4 g6 26. b4 Kg7 27. b5 axb5 28.
Qxb5 b6 29. Rc6 Qd8 30. Qc4 h5 31. Rxb6 cxb6 32. Qxc8 Qxc8 33. Rxc8 Ra7 34. Rc6
Rxa4 35. Rxb6 Ra7 36. Rxd6 Ra8 37. e4 f4 38. gxf4 exf4 39. e5 Kf7 40. Be4 g5
41. Bg6+ Ke7 42. Bxh5 Rf8 43. Ra6 Rd8 44. Ra7+ Kf8 45. d6 Kg8 46. Bf3 Kf8 47.
Ra8 Rxa8 48. Bxa8 Ke8 49. Bc6+ Kd8 50. e6 1-0

[Event "4NCL/Div4/HAL vs. LMAO2"]
[Site "Sunningdale ENG"]
[Date "2007.02.10"]
[Round "5.1"]
[White "Palmer, Ryan"]
[Black "Rigby-Zeglache, Elyes"]
[Result "1-0"]
[WhiteElo "2010"]
[BlackElo "1705"]
[PlyCount "41"]
[EventDate "2007.02.10"]
[EventType "team"]
[EventRounds "11"]
[EventCountry "ENG"]

1. e4 e6 2. d4 d5 3. exd5 exd5 4. c4 Nf6 5. Nf3 Be7 6. Bd3 O-O 7. O-O dxc4 8.
Bxc4 Bg4 9. Be3 Nbd7 10. Nc3 Nb6 11. Bb3 c6 12. h3 Bh5 13. g4 Bg6 14. Ne5 Nbd5
15. Bg5 Nxc3 16. bxc3 Ne4 17. Bxe7 Nxc3 18. Bxd8 Nxd1 19. Ba5 Nb2 20. f4 Be4
21. Bb4 1-0

[Event "4NCL/Div4/HAL vs. LMAO2"]
[Site "Sunningdale ENG"]
[Date "2007.02.10"]
[Round "5.2"]
[White "Poobalasingam, Iyampillai"]
[Black "Doran, Michael J"]
[Result "1/2-1/2"]
[WhiteElo "1540"]
[BlackElo "2005"]
[PlyCount "48"]
[EventDate "2007.02.10"]
[EventType "team"]
[EventRounds "11"]
[EventCountry "ENG"]

1. c4 Nf6 2. Nc3 e6 3. g3 c5 4. Bg2 Nc6 5. Nf3 a6 6. a4 Be7 7. O-O O-O 8. d3
Qc7 9. Bg5 d6 10. Qd2 Rd8 11. Na2 Rb8 12. Nc1 b5 13. axb5 axb5 14. b3 d5 15.
Qc3 e5 16. Nd2 h6 17. cxd5 Nxd5 18. Bxd5 Bh3 19. Bxe7 Rxd5 20. Bxc5 Bxf1 21.
Kxf1 Qd7 22. Ne4 f5 23. Nd6 f4 24. Kg2 fxg3 1/2-1/2

[Event "4NCL/Div4/HAL vs. LMAO2"]
[Site "Sunningdale ENG"]
[Date "2007.02.10"]
[Round "5.3"]
[White "Pugh, Glyn D"]
[Black "Galliano, George"]
[Result "1-0"]
[WhiteElo "2000"]
[BlackElo "1580"]
[PlyCount "45"]
[EventDate "2007.02.10"]
[EventType "team"]
[EventRounds "11"]
[EventCountry "ENG"]

1. e4 e5 2. Nf3 Nc6 3. Bc4 Bc5 4. b4 Bxb4 5. c3 Bc5 6. O-O Nf6 7. d4 exd4 8.
cxd4 Bb6 9. e5 Nh5 10. Ng5 Bxd4 11. Qxh5 g6 12. Bxf7+ Kf8 13. Qh6+ Ke7 14. Ba3+
d6 15. exd6+ cxd6 16. Re1+ Kf6 17. Nd2 Bxa1 18. Nde4+ Kf5 19. Rxa1 Bd7 20. Qh3+
Ke5 21. Bb2+ Nd4 22. Bxd4+ Kxd4 23. Qc3# 1-0

[Event "4NCL/Div4/HAL vs. LMAO2"]
[Site "Sunningdale ENG"]
[Date "2007.02.10"]
[Round "5.4"]
[White "Archer-Lock, Adrian"]
[Black "Lee, Darren"]
[Result "0-1"]
[WhiteElo "1760"]
[BlackElo "1955"]
[PlyCount "80"]
[EventDate "2007.02.10"]
[EventType "team"]
[EventRounds "11"]
[EventCountry "ENG"]

1. d4 Nf6 2. c4 g6 3. Nc3 Bg7 4. Bf4 d6 5. e3 O-O 6. h3 c5 7. d5 Qa5 8. Bd3 Nh5
9. Nge2 Nxf4 10. exf4 Nd7 11. O-O a6 12. f5 Ne5 13. fxg6 hxg6 14. f4 Nxd3 15.
Qxd3 Bf5 16. Qf3 b5 17. g4 Bd7 18. cxb5 axb5 19. a3 b4 20. axb4 Qxb4 21. Rxa8
Rxa8 22. Rb1 Bb5 23. Nxb5 Qxb5 24. Nc3 Qb4 25. f5 Qd4+ 26. Kh1 Qf6 27. Ne4 Qe5
28. fxg6 fxg6 29. h4 Rf8 30. Qg2 Bh6 31. Re1 Kh8 32. Rd1 Rf4 33. Nc3 Qf6 34.
Qg3 Qe5 35. Qh3 Bg7 36. Rf1 Qf6 37. Rxf4 Qxf4 38. Qg2 Qc1+ 39. Kh2 Be5+ 40. Kh3
Qe3+ 0-1

[Event "4NCL/Div4/BCA vs. GREN"]
[Site "Sunningdale ENG"]
[Date "2007.02.10"]
[Round "5.1"]
[White "Mordue, A Tyson"]
[Black "Pugh, Derek C"]
[Result "1/2-1/2"]
[WhiteElo "2297"]
[BlackElo "2155"]
[PlyCount "50"]
[EventDate "2007.02.10"]
[EventType "team"]
[EventRounds "11"]
[EventCountry "ENG"]

1. e4 Nc6 2. Nf3 e5 3. Bb5 Nd4 4. Nxd4 exd4 5. O-O c6 6. Bc4 Nf6 7. d3 d5 8.
exd5 Nxd5 9. Re1+ Be7 10. c3 O-O 11. Bxd5 cxd5 12. cxd4 Bf6 13. Be3 Qb6 14. Nc3
Be6 15. Qb3 Bxd4 16. Qxb6 Bxb6 17. Bxb6 axb6 18. d4 Rfc8 19. f3 Rc4 20. Red1
Kf8 21. Rd2 Ra5 22. Rc1 b5 23. a3 b4 24. axb4 Rxb4 25. Kf2 Ke7 1/2-1/2

[Event "4NCL/Div4/BCA vs. GREN"]
[Site "Sunningdale ENG"]
[Date "2007.02.10"]
[Round "5.2"]
[White "Osborne, David C"]
[Black "Ross, Chris"]
[Result "0-1"]
[WhiteElo "2135"]
[BlackElo "2135"]
[PlyCount "67"]
[EventDate "2007.02.10"]
[EventType "team"]
[EventRounds "11"]
[EventCountry "ENG"]

1. e4 c5 2. Nc3 Nc6 3. g3 g6 4. Bg2 Bg7 5. d3 Rb8 6. Be3 d6 7. Qd2 b5 8. Nd1 b4
9. f4 Qc7 10. c3 e6 11. Ne2 Nge7 12. O-O O-O 13. g4 f5 14. gxf5 exf5 15. e5
bxc3 16. bxc3 dxe5 17. Bxc5 Bb7 18. Ne3 Rfd8 19. Rad1 Na5 20. d4 Bxg2 21. Kxg2
exd4 22. cxd4 Nd5 23. Nxd5 Rxd5 24. Nc3 Rdd8 25. Rf2 Nb7 26. Qe3 Re8 27. Qf3
Nxc5 28. dxc5 Qxc5 29. Qd5+ Qxd5+ 30. Nxd5 Rb2 31. Rxb2 Bxb2 32. Kf3 Kg7 33.
Rb1 Rb8 34. Ke3 0-1

[Event "4NCL/Div4/BCA vs. GREN"]
[Site "Sunningdale ENG"]
[Date "2007.02.10"]
[Round "5.3"]
[White "Hilton, Steve"]
[Black "Bass, John W"]
[Result "0-1"]
[WhiteElo "2002"]
[BlackElo "2096"]
[PlyCount "79"]
[EventDate "2007.02.10"]
[EventType "team"]
[EventRounds "11"]
[EventCountry "ENG"]

1. d4 d5 2. c4 dxc4 3. Nf3 a6 4. a4 Nf6 5. e3 Bg4 6. Bxc4 e6 7. O-O Nc6 8. Nbd2
Bd6 9. Be2 O-O 10. Nc4 Qe7 11. Nfe5 Bxe2 12. Qxe2 Nb4 13. e4 Bxe5 14. Nxe5 c5
15. Nf3 cxd4 16. Nxd4 Rfd8 17. Nf3 Rac8 18. e5 Nfd5 19. Nd4 Qc5 20. Rd1 h6 21.
Qg4 Kh8 22. Qe4 Nc2 23. Nxc2 Qxc2 24. Qe1 Rc4 25. Rd2 Qf5 26. f3 Rdc8 27. b3
Rc3 28. Rb2 Nb4 29. Qf1 Qxe5 30. Bd2 Rc2 31. Rxc2 Rxc2 32. Bxb4 Qd4+ 33. Kh1
Qxb4 34. Rb1 Ra2 35. h3 Qd2 36. Rd1 Qc2 37. Rd7 Qxb3 38. Rxf7 Kg8 39. Re7 Qc3
40. Qe2 0-1

[Event "4NCL/Div4/BCA vs. GREN"]
[Site "Sunningdale ENG"]
[Date "2007.02.10"]
[Round "5.4"]
[White "Bromilow, Edward"]
[Black "Burnell, Steve"]
[Result "1/2-1/2"]
[WhiteElo "1965"]
[BlackElo "1950"]
[PlyCount "65"]
[EventDate "2007.02.10"]
[EventType "team"]
[EventRounds "11"]
[EventCountry "ENG"]

1. d4 d5 2. Nf3 Nf6 3. e3 c5 4. b3 g6 5. Bb2 Bg7 6. Bd3 Nc6 7. O-O cxd4 8. exd4
O-O 9. a3 Bd7 10. Nbd2 Rc8 11. Re1 Re8 12. Ne5 Nxe5 13. dxe5 Ng4 14. Rb1 Qb6
15. Qf3 Be6 16. Qe2 Nh6 17. Nf3 Bf5 18. Nd4 Bxd3 19. Qxd3 e6 20. h3 a6 21. g4
Qd8 22. Nf3 Re7 23. Bd4 Qc7 24. Rbc1 Rd7 25. Qe3 Bf8 26. c4 dxc4 27. Rxc4 Qd8
28. Rec1 Rxc4 29. Rxc4 Kg7 30. b4 Rc7 31. Bc5 Bxc5 32. Rxc5 Rd7 33. Kg2 1/2-1/2

[Event "4NCL/Div4/BCA vs. GREN"]
[Site "Sunningdale ENG"]
[Date "2007.02.10"]
[Round "5.5"]
[White "Murphy, Richard L"]
[Black "Johnson, Richard J"]
[Result "0-1"]
[WhiteElo "1745"]
[BlackElo "2030"]
[PlyCount "84"]
[EventDate "2007.02.10"]
[EventType "team"]
[EventRounds "11"]
[EventCountry "ENG"]

1. e4 c5 2. Nf3 e6 3. d4 cxd4 4. Nxd4 a6 5. Bd3 Nf6 6. O-O Qc7 7. c4 Nc6 8. Nf3
d6 9. Nc3 Be7 10. Bg5 O-O 11. a3 b6 12. Qe2 Bb7 13. Rac1 Ne5 14. Rfe1 h6 15.
Bh4 Ng6 16. Bg3 Nh5 17. Nd1 Rad8 18. Ne3 Nhf4 19. Qd2 Nxd3 20. Qxd3 Ne5 21.
Nxe5 dxe5 22. Qc3 Bd6 23. f3 f5 24. exf5 exf5 25. Nd5 Bxd5 26. cxd5 Qxc3 27.
Rxc3 Bc5+ 28. Kf1 Bd4 29. Rc6 Rxd5 30. b3 e4 31. fxe4 fxe4+ 32. Ke2 e3 33. Rd1
Rfd8 34. Rd3 a5 35. a4 Bc5 36. Rxd5 Rxd5 37. Re6 Rd2+ 38. Kf3 Rb2 39. Bf4 Rxb3
40. Bxe3 Ra3 41. Re4 Bxe3 42. Rxe3 Rxa4 0-1

[Event "4NCL/Div4/BCA vs. GREN"]
[Site "Sunningdale ENG"]
[Date "2007.02.10"]
[Round "5.6"]
[White "Hibbitt, Arthur M"]
[Black "Irving, Alastair"]
[Result "1-0"]
[WhiteElo "1895"]
[BlackElo "1590"]
[PlyCount "69"]
[EventDate "2007.02.10"]
[EventType "team"]
[EventRounds "11"]
[EventCountry "ENG"]

1. Nf3 Nf6 2. g3 g6 3. Bg2 Bg7 4. O-O O-O 5. d3 d6 6. Re1 c5 7. e4 Nc6 8. Nbd2
Qc7 9. Nf1 b5 10. c3 a5 11. e5 dxe5 12. Nxe5 Bb7 13. Nxc6 Bxc6 14. Bf4 Qd7 15.
Bxc6 Qxc6 16. Rxe7 Nd5 17. Re4 Bxc3 18. bxc3 Nxc3 19. Qc2 Nxe4 20. dxe4 Rfc8
21. Ne3 Re8 22. Ng4 Rac8 23. Qc3 Re6 24. Nh6+ Kf8 25. Qh8+ Ke7 26. Qxh7 Rf8 27.
Nf5+ gxf5 28. Rd1 Ke8 29. Qh4 Qc8 30. exf5 Re7 31. Bg5 Qc7 32. Bxe7 Qxe7 33. f6
Qe2 34. Rd6 c4 35. Qd4 1-0

[Event "4NCL/Div4/PONTY vs. AMCAH"]
[Site "Sunningdale ENG"]
[Date "2007.02.10"]
[Round "5.2"]
[White "Tunstall, George"]
[Black "White, Ian G"]
[Result "1-0"]
[WhiteElo "1810"]
[BlackElo "2041"]
[PlyCount "47"]
[EventDate "2007.02.10"]
[EventType "team"]
[EventRounds "11"]
[EventCountry "ENG"]

1. d4 f5 2. e4 fxe4 3. Nc3 Nf6 4. Bg5 d5 5. Bxf6 exf6 6. Qh5+ g6 7. Qxd5 Qxd5
8. Nxd5 Kd8 9. Nxf6 Bf5 10. g4 Bg7 11. gxf5 Bxf6 12. fxg6 hxg6 13. Bg2 Re8 14.
O-O-O Nc6 15. c3 Bg5+ 16. Kc2 e3 17. Nf3 Bf4 18. fxe3 Rxe3 19. Rhe1 Rxe1 20.
Rxe1 Ne7 21. Re4 Nd5 22. Kd3 g5 23. h4 Bd6 24. Nxg5 1-0

[Event "4NCL/Div4/PONTY vs. AMCAH"]
[Site "Sunningdale ENG"]
[Date "2007.02.10"]
[Round "5.3"]
[White "Davies, Peter L"]
[Black "Bunn, Matthew"]
[Result "1-0"]
[WhiteElo "2000"]
[BlackElo "1805"]
[PlyCount "79"]
[EventDate "2007.02.10"]
[EventType "team"]
[EventRounds "11"]
[EventCountry "ENG"]

1. g3 f5 2. Bg2 Nf6 3. d4 g6 4. c4 Bg7 5. Nf3 b6 6. Nc3 Bb7 7. d5 c5 8. O-O h6
9. Nh4 Kf7 10. e4 fxe4 11. Nxe4 d6 12. Qc2 g5 13. Bxg5 hxg5 14. Nxg5+ Kg8 15.
Bh3 Bc8 16. Be6+ Bxe6 17. Nxe6 Qe8 18. Nc7 Qd7 19. Ne6 Na6 20. Qg6 Rh7 21. Nf5
Qe8 22. Ng5 e5 23. dxe6 Qxg6 24. Ne7+ Kf8 25. Nxg6+ Ke8 26. Nxh7 Nxh7 27. Rad1
Rd8 28. b3 Nf8 29. e7 Rd7 30. exf8=Q+ Bxf8 31. Nxf8 Kxf8 32. Rfe1 Nb4 33. Re6
d5 34. cxd5 Nxa2 35. d6 Nc3 36. Rd3 Nb5 37. Rf3+ Kg7 38. Re7+ Rxe7 39. dxe7 Nd6
40. Kg2 1-0

[Event "4NCL/Div4/PONTY vs. AMCAH"]
[Site "Sunningdale ENG"]
[Date "2007.02.10"]
[Round "5.4"]
[White "Lettington, David"]
[Black "Robinson, David"]
[Result "0-1"]
[WhiteElo "1755"]
[BlackElo "1994"]
[PlyCount "104"]
[EventDate "2007.02.10"]
[EventType "team"]
[EventRounds "11"]
[EventCountry "ENG"]

1. e4 d5 2. exd5 Qxd5 3. Nc3 Qa5 4. Bc4 Nf6 5. d3 c6 6. Bd2 Bg4 7. f3 Bf5 8.
Nd5 Qd8 9. Nxf6+ gxf6 10. Qe2 Nd7 11. Bc3 e6 12. g4 Bg6 13. O-O-O Qc7 14. Kb1
O-O-O 15. Qd2 Bd6 16. Ba5 Nb6 17. h4 h5 18. Ne2 Nxc4 19. dxc4 b6 20. Bc3 Be7
21. Qe1 Rxd1+ 22. Qxd1 hxg4 23. fxg4 Be4 24. Rh3 Rd8 25. Qf1 Qd6 26. a3 Qd1+
27. Qxd1 Rxd1+ 28. Ka2 Bxc2 29. h5 Bh7 30. Nd4 Kd7 31. b4 Rg1 32. b5 cxb5 33.
cxb5 Rxg4 34. Nc6 e5 35. Nxa7 Ra4 36. Nc6 Rxa3+ 37. Kb2 Ra8 38. Rh2 Ke6 39. Re2
Bc5 40. Nd4+ Bxd4 41. Bxd4 Ra5 42. Bf2 Rxb5+ 43. Kc3 f5 44. Kc4 Rb1 45. Re1
Rxe1 46. Bxe1 f4 47. Bf2 Kf5 48. Bxb6 e4 49. Bf2 e3 50. Be1 Ke4 51. Kc3 f3 52.
Bd2 f2 0-1

[Event "4NCL/Div4/PONTY vs. AMCAH"]
[Site "Sunningdale ENG"]
[Date "2007.02.10"]
[Round "5.5"]
[White "St Clair, Allan"]
[Black "Meechan, Catriona"]
[Result "1-0"]
[WhiteElo "1826"]
[BlackElo "1720"]
[PlyCount "75"]
[EventDate "2007.02.10"]
[EventType "team"]
[EventRounds "11"]
[EventCountry "ENG"]

1. d4 g6 2. Bf4 Bg7 3. e3 d6 4. Bd3 Nd7 5. Nf3 c6 6. c3 Qc7 7. Qc2 e5 8. Bg3 h6
9. Nbd2 Ne7 10. h3 f5 11. dxe5 Nxe5 12. Nxe5 Bxe5 13. Bxe5 dxe5 14. Bc4 Bd7 15.
a4 a5 16. O-O O-O-O 17. b4 axb4 18. cxb4 Nd5 19. Qb3 Qd6 20. b5 Rh7 21. Rfc1
Kb8 22. bxc6 Bxc6 23. Bb5 Rc7 24. Nc4 Qb4 25. Qxb4 Nxb4 26. Nxe5 g5 27. Nxc6+
Nxc6 28. Bxc6 Rxc6 29. Rxc6 bxc6 30. Rc1 Rc8 31. Rc5 Kb7 32. Rxf5 c5 33. Kf1
Kb6 34. Rf6+ Rc6 35. Rxc6+ Kxc6 36. Ke2 c4 37. Kd2 Kc5 38. Kc3 1-0

[Event "4NCL/Div4/PONTY vs. AMCAH"]
[Site "Sunningdale ENG"]
[Date "2007.02.10"]
[Round "5.6"]
[White "Upham, John E"]
[Black "Davis, Ashley"]
[Result "1/2-1/2"]
[WhiteElo "1780"]
[BlackElo "1535"]
[PlyCount "41"]
[EventDate "2007.02.10"]
[EventType "team"]
[EventRounds "11"]
[EventCountry "ENG"]

1. d4 d5 2. Nf3 Nf6 3. e3 e6 4. Bd3 c5 5. b3 a6 6. Nbd2 Nc6 7. O-O Qb6 8. Bb2
Bd6 9. a3 Qc7 10. Rc1 h6 11. dxc5 Bxc5 12. c4 Qe7 13. h4 Bd6 14. cxd5 exd5 15.
e4 dxe4 16. Bxe4 O-O 17. Bxc6 bxc6 18. Rxc6 Bb7 19. Re1 Qd7 20. Rc2 Rfd8 21.
Qa1 1/2-1/2

[Event "4NCL/Div4/GLOSG vs. ADD"]
[Site "Sunningdale ENG"]
[Date "2007.02.10"]
[Round "5.1"]
[White "Bolt, Graham"]
[Black "Dupré, Paul D"]
[Result "1/2-1/2"]
[WhiteElo "2111"]
[BlackElo "2033"]
[PlyCount "104"]
[EventDate "2007.02.10"]
[EventType "team"]
[EventRounds "11"]
[EventCountry "ENG"]

1. e4 c5 2. Nf3 Nc6 3. d4 cxd4 4. Nxd4 Nf6 5. Nc3 e5 6. Ndb5 d6 7. Bg5 a6 8.
Na3 b5 9. Nd5 Be7 10. Bxf6 Bxf6 11. c3 Bg5 12. Bd3 O-O 13. O-O Be6 14. Nc2 f5
15. a4 bxa4 16. Rxa4 a5 17. b4 Bxd5 18. exd5 Ne7 19. Be2 Ng6 20. g3 f4 21. Qd3
fxg3 22. fxg3 Qb6+ 23. Kg2 Rxf1 24. Bxf1 Rf8 25. Qe2 axb4 26. cxb4 Qb7 27. Ra5
Bd8 28. Rb5 Qa7 29. Ne3 Nf4+ 30. gxf4 exf4 31. Nf5 Rxf5 32. Qe6+ Rf7 33. Be2
Qc7 34. Bf3 Qc2+ 35. Kh3 Qf2 36. Qe2 Qh4+ 37. Kg2 Re7 38. Qd2 Qg5+ 39. Kf2 Re8
40. Rb7 Qh4+ 41. Kf1 Bf6 42. Rc7 Qh3+ 43. Qg2 Qf5 44. Qg4 Qb1+ 45. Kg2 Qxb4 46.
Rc8 Rxc8 47. Qxc8+ Kf7 48. Qe6+ Kf8 49. Qc8+ Ke7 50. Qc7+ Kf8 51. Qc8+ Ke7 52.
Qc7+ Kf8 1/2-1/2

[Event "4NCL/Div4/GLOSG vs. ADD"]
[Site "Sunningdale ENG"]
[Date "2007.02.10"]
[Round "5.2"]
[White "Fenwick, Hugh"]
[Black "Hosken, Nigel"]
[Result "1/2-1/2"]
[WhiteElo "2035"]
[BlackElo "2002"]
[PlyCount "77"]
[EventDate "2007.02.10"]
[EventType "team"]
[EventRounds "11"]
[EventCountry "ENG"]

1. c4 Nf6 2. g3 d6 3. Bg2 g6 4. Nc3 Bg7 5. d3 O-O 6. Nf3 e5 7. O-O Nc6 8. Rb1
a5 9. a3 Nd4 10. e3 Nxf3+ 11. Bxf3 Bh3 12. Re1 c6 13. b4 axb4 14. axb4 Qd7 15.
Na4 Ra6 16. b5 Ra7 17. Bd2 Bg4 18. Nb6 Bxf3 19. Qxf3 Qc7 20. Nd5 Nxd5 21. cxd5
cxb5 22. Rxb5 Qc2 23. Qe2 Ra2 24. Rd1 Ra3 25. Kf1 Rxd3 26. Ke1 e4 27. Ba5 Qc4
28. Rdb1 Ra8 29. Kf1 b6 30. Be1 Ra2 31. R1b4 Qxb5 32. Rxb5 Rxe2 33. Kxe2 Kf8
34. f3 f5 35. Bb4 Ke7 36. Rxb6 Rxd5 37. Rb7+ Kf8 38. Rd7 exf3+ 39. Kxf3 1/2-1/2

[Event "4NCL/Div4/GLOSG vs. ADD"]
[Site "Sunningdale ENG"]
[Date "2007.02.10"]
[Round "5.3"]
[White "Ponter, Ian"]
[Black "Albrecht, Theo"]
[Result "1-0"]
[WhiteElo "2041"]
[BlackElo "2025"]
[PlyCount "65"]
[EventDate "2007.02.10"]
[EventType "team"]
[EventRounds "11"]
[EventCountry "ENG"]

1. e4 d6 2. d4 Nf6 3. Nc3 Nbd7 4. Be3 c6 5. a4 e5 6. Be2 Be7 7. h3 Qc7 8. Nf3
O-O 9. O-O Re8 10. Re1 Bf8 11. Bf1 b6 12. Qd2 Bb7 13. a5 b5 14. a6 Bc8 15. Bg5
b4 16. Na2 c5 17. c3 b3 18. Nc1 c4 19. dxe5 dxe5 20. Bxf6 Nxf6 21. Qe2 Be6 22.
Ng5 Rac8 23. Nxe6 Rxe6 24. Ra4 Rc6 25. Rd1 Nd7 26. Qg4 Nb6 27. Ra1 Rd8 28. Ne2
Rg6 29. Qh5 Rgd6 30. Qxe5 Qd7 31. Nd4 Rg6 32. Nf5 Bd6 33. Rxd6 1-0

[Event "4NCL/Div4/GLOSG vs. ADD"]
[Site "Sunningdale ENG"]
[Date "2007.02.10"]
[Round "5.4"]
[White "Klein, Cornelia"]
[Black "Dodwell, Phil"]
[Result "0-1"]
[WhiteElo "1881"]
[BlackElo "2065"]
[PlyCount "96"]
[EventDate "2007.02.10"]
[EventType "team"]
[EventRounds "11"]
[EventCountry "ENG"]

1. e4 e5 2. Nf3 Nc6 3. Bb5 Nd4 4. Bc4 Bc5 5. c3 Nxf3+ 6. Qxf3 Qf6 7. Qg3 d6 8.
d3 Qg6 9. Nd2 Ne7 10. Nf1 Be6 11. Bxe6 fxe6 12. Be3 Bb6 13. Qxg6+ Nxg6 14. g3
O-O 15. Bxb6 axb6 16. Ne3 Rf7 17. Rf1 Raf8 18. Ke2 Ne7 19. f3 Nc6 20. Nc4 b5
21. Nd2 b4 22. Rac1 Ra8 23. Ra1 bxc3 24. bxc3 Ra3 25. Nb1 Ra4 26. Ke3 d5 27.
Rc1 Rd7 28. Ke2 Ra8 29. Rc2 Rf8 30. Nd2 Ra8 31. a3 Ra4 32. Rb2 b6 33. Rb3 Rd8
34. Kd1 dxe4 35. dxe4 Na5 36. Rb2 Nc4 37. Rc2 Ne3+ 38. Kc1 Nxc2 39. Kxc2 b5 40.
Nb3 Raa8 41. Nc5 Kf7 42. Nb7 Rd7 43. Nc5 Rd6 44. Nb7 Rc6 45. Rd1 Ke7 46. Kb3
Rb8 47. Na5 Ra6 48. Kb4 c5+ 0-1

[Event "4NCL/Div4/GLOSG vs. ADD"]
[Site "Sunningdale ENG"]
[Date "2007.02.10"]
[Round "5.5"]
[White "Meade, Philip J"]
[Black "Davda, Rahil"]
[Result "1/2-1/2"]
[WhiteElo "2050"]
[BlackElo "1855"]
[PlyCount "50"]
[EventDate "2007.02.10"]
[EventType "team"]
[EventRounds "11"]
[EventCountry "ENG"]

1. e4 c5 2. Nf3 Nc6 3. Bb5 d6 4. O-O Bd7 5. Re1 e6 6. c3 Nge7 7. d4 cxd4 8.
cxd4 d5 9. Bxc6 Bxc6 10. e5 Nf5 11. Nc3 h6 12. a3 Be7 13. Qd3 a6 14. Bd2 O-O
15. h3 Rc8 16. Rac1 b5 17. b4 Qd7 18. Nd1 Bb7 19. Ne3 Rxc1 20. Rxc1 Nxe3 21.
Qxe3 Rc8 22. Rxc8+ Qxc8 23. Qc3 Qc4 24. g3 Qxc3 25. Bxc3 Bd8 1/2-1/2

[Event "4NCL/Div4/GUI5 vs. WEA2"]
[Site "Sunningdale ENG"]
[Date "2007.02.10"]
[Round "5.1"]
[White "Chai, Wei Koong"]
[Black "Bayliss, Lyall C P"]
[Result "1-0"]
[WhiteElo "1985"]
[BlackElo "2000"]
[PlyCount "89"]
[EventDate "2007.02.10"]
[EventType "team"]
[EventRounds "11"]
[EventCountry "ENG"]

1. e4 e5 2. Nf3 Nc6 3. Bb5 a6 4. Ba4 Nf6 5. O-O Be7 6. Re1 b5 7. Bb3 O-O 8. c3
d5 9. exd5 Nxd5 10. Nxe5 Nxe5 11. Rxe5 c6 12. d4 Bd6 13. Re1 Qh4 14. g3 Qh3 15.
Re4 g5 16. Qf1 Qf5 17. Bc2 Nf6 18. Re2 Qf3 19. Bxg5 Bh3 20. Qxh3 Qxe2 21. Qf5
Qe6 22. Bxf6 Qxf5 23. Bxf5 Rfe8 24. Kf1 Be7 25. Be5 f6 26. Bf4 Ra7 27. Nd2 Kg7
28. Re1 Rd8 29. Ne4 Rd5 30. Be6 Rd8 31. h4 b4 32. h5 h6 33. Be3 bxc3 34. bxc3
Raa8 35. Bf4 Ra7 36. Rb1 Ba3 37. Rb3 Bf8 38. Rb6 c5 39. d5 Re8 40. c4 a5 41. a4
Be7 42. Rb5 Raa8 43. Nxc5 Rec8 44. Bxc8 Rxc8 45. d6 1-0